| 000 | 01182nam a2200349 4500 | ||
|---|---|---|---|
| 001 | 0000330461 | ||
| 003 | DO-SdBNP | ||
| 005 | 20220714094303.0 | ||
| 007 | 0000330461 | ||
| 008 | 180202b1983 sp | 00| 0 spa d | ||
| 016 | 7 |
_a _z |
|
| 017 |
_a _b |
||
| 020 | _a8432038873 | ||
| 035 | _a | ||
| 040 |
_aBPMSU _bspa _cBPMSU |
||
| 082 |
_a320.1 _bM297N 1983 _222 |
||
| 100 | 1 |
_aMaquiavelo, Nicolás _d1469-1527 |
|
| 245 | 1 | 3 |
_aEl principe / _h _cNicolás Maquiavelo ; introducción traducción y notas de Francisco Javier Alcántara ; bibliografía de Helena Puigdoménech |
| 260 |
_aBarcelona : _bPlaneta, _c1983 |
||
| 300 |
_aXXIV, 123 p. ; _c19 cm |
||
| 490 | 0 |
_aClásicos universales Planeta, _v56 |
|
| 500 | _3Incluye referencias bibliográficas y notas al pie de las páginas | ||
| 504 | _aBibliografía: p. XXIII-XXIV | ||
| 590 | _6Inventariado, 2022/VM | ||
| 600 | 1 | 4 |
_aMaquiavelo, Nicolás, _xCrítica e interpretación _d1469-1527. |
| 650 | 4 |
_aÉtica política _2 |
|
| 650 | 4 |
_aCiencia política _2 |
|
| 700 | 1 |
_aAlcántara, Francisco Javier _etraductor |
|
| 700 | 1 |
_aPuigdomenech Forcada, Helena. _ebibliografía |
|
| 910 | _aVMateo V. | ||
| 942 |
_2ddc _cBK |
||
| 999 |
_c9080 _d9080 |
||